00313nam a2200109Ia 4500008004100000041000800041100002400049245006000073260003500133300000800168700002700176250110s9999 xx 000 0 und d aeng aPuntambekar Pranoti aVaastu Vishwa : A Gallery For Architectural Exhibitions bFinal Year B. Arch, BNCAc2014 a72p aGuide Name:Verma Aarti